000 00368nam a2200145Ia 4500
008 191201s2009 xx 000 0 und d
082 _a658.15
_bPEW
100 _aPERIASAMY, P
245 0 _aWorking Capital Management Theory and Practice
250 _aRep
260 _aN.Delhi
_bHimalaya Publication House
_c2009
300 _a274
650 _aMBA
942 _2ddc
_cBK
999 _c4323
_d4323